Railway rates (Record no. 675562)

MARC details
000 -LEADER
fixed length control field 00587nam a2200205Ia 4500
003 - CONTROL NUMBER IDENTIFIER
control field OSt
005 - DATE AND TIME OF LATEST TRANSACTION
control field 20220926044711.0
008 - FIXED-LENGTH DATA ELEMENTS--GENERAL INFORMATION
fixed length control field 220923b |||||||| |||| 00| 0 eng d
037 ## - SOURCE OF ACQUISITION
Terms of availability General Book
040 ## - CATALOGING SOURCE
Original cataloging agency RTL
Transcribing agency RTL
Language of cataloging eng
041 ## - LANGUAGE CODE
Source of code eng
Language code of text/sound track or separate title eng
100 ## - MAIN ENTRY--PERSONAL NAME
Personal name Burtt Phillip
9 (RLIN) 349344
245 #0 - TITLE STATEMENT
Title Railway rates
Remainder of title Principles and problems
490 ## - SERIES STATEMENT
Series statement Pitman's Transport Library, Ed by Phillip Burtt,4
942 ## - ADDED ENTRY ELEMENTS (KOHA)
Classification part X415:7:3:N2, F6
Koha item type General Books
Source of classification or shelving scheme Colon Classification (CC)

No items available.

Copyright @ Delhi University Library System